000 01554cam a22003615a 4500
001 016049136
003 EG-ScBUE
005 20220605105852.0
008 120307s2012 enka f 000 0 eng d
020 _a0521165210
020 _a9780521165211
040 _aStDuBDS
_beng
_erda
_cStDuBDS
_dEG-ScBUE
_dEG-ScBUE
082 0 4 _a428.240711
_bHEW
_222
100 1 _aHewings, Martin,
_eauthor.
_928426
245 1 0 _aCambridge academic English :
_ban integrated skills course for EAP,
_pStudent's book,
_pAdvanced /
_cby Martin Hewings, Craig Thaine.
246 3 0 _aAcademic English
264 1 _aCambridge :
_bCambridge University Press,
_c2012.
300 _a176 pages :
_billustrations ;
_c28 cm
336 _2rdacontent
_atext
_btxt
337 _2rdamedia
_aunmediated
_bn
338 _2rdacarrier
_avolume
_bnc
520 _aA three-level (B1+ to C1) integrated skills course for higher education students at university or on foundation courses. The Teacher's Book provides extensive teacher support including teaching notes and additional photocopiable worksheets for the classroom.
590 _aMohamed Hussein
650 7 _aEnglish language
_xRhetoric.
_2BUEsh
_930948
650 7 _aAcademic language.
_2BUEsh
_930945
650 7 _aEnglish language
_xStudy and teaching (Higher)
_xForeign speakers.
_2BUEsh
650 7 _aAcademic writing
_vProblems, exercises, etc.
_2BUEsh
651 _2BUEsh
653 _bHHUUEENN
_cAugust2015
_cOctober2018
655 _vReading book
_934232
700 1 _aThaine, Craig,
_d1958-
_eauthor.
_921378
942 _2ddc
_cBB
999 _c17013
_d16985